Mapa świata bez 20 losowych państw - Statystyki

Ogólne statystyki
  • Ten quiz został rozwiązany 625 078 razy
  • Średni wynik to 10 z 20
Odpowiedzi na mapie
Odpowiedzi zakodowano w zielono-czerwonej skali na mapie do tego quizu, zgodnie z poniższymi procentami.
 
Statystyki odpowiedzi
Państwo % Poprawnych
Polska
97%
Rosja
97%
Stany Zjednoczone
97%
Kanada
96%
Ukraina
95%
Niemcy
94%
Brazylia
93%
Czechy
93%
Bialorus
92%
Argentyna
91%
Chiny
91%
Francja
91%
Meksyk
91%
Kazachstan
90%
Slowacja
90%
Austria
88%
Mongolia
88%
Wegry
87%
Egipt
86%
Rumunia
85%
Szwajcaria
84%
Wlochy
83%
Algieria
82%
Hiszpania
82%
Szwecja
82%
Turcja
82%
Boliwia
80%
Kolumbia
79%
Libia
78%
Demokratyczna Republika Konga
77%
Arabia Saudyjska
75%
Finlandia
75%
Niger
75%
Australia
74%
Indie
74%
Moldawia
74%
Paragwaj
74%
Peru
74%
Republika Poludniowej Afryki
74%
Sudan
74%
Wenezuela
74%
Serbia
73%
Indonezja
71%
Iran
71%
Czad
70%
Bulgaria
69%
Chorwacja
68%
Etiopia
68%
Litwa
68%
Nepal
68%
Norwegia
68%
Pakistan
68%
Nigeria
67%
Panama
67%
Wielka Brytania
67%
Afganistan
66%
Mali
66%
Belgia
65%
Uzbekistan
65%
Bosnia i Hercegowina
64%
Chile
64%
Portugalia
63%
Slowenia
63%
Irak
62%
Urugwaj
61%
Angola
60%
Japonia
60%
Sudan Poludniowy
60%
Grecja
59%
Kirgistan
59%
Macedonia Północna
59%
Ekwador
58%
Gujana
58%
Kenia
58%
Kosowo
58%
Maroko
58%
Turkmenistan
58%
Dania
56%
Łotwa
56%
Mauretania
56%
Tadzykistan
56%
Kongo
55%
Namibia
55%
Tanzania
54%
Botswana
53%
Jemen
53%
Korea Pólnocna
53%
Republika Srodkowoafrykanska
53%
Kostaryka
52%
Wybrzeze Kosci Sloniowej
52%
Zambia
52%
Zimbabwe
52%
Korea Poludniowa
51%
Laos
51%
Nikaragua
51%
Tajlandia
51%
Ghana
50%
Kamerun
50%
Mjanma
50%
Togo
50%
Gwatemala
49%
Lesotho
49%
Mozambik
49%
Oman
49%
Surinam
49%
Armenia
48%
Benin
47%
Burkina Faso
47%
Nowa Zelandia
47%
Uganda
47%
Jordania
46%
Gwinea
45%
Irlandia
45%
Tunezja
45%
Estonia
44%
Holandia
44%
Honduras
44%
Azerbejdzan
42%
Gruzja
42%
Islandia
42%
Papua-Nowa Gwinea
42%
Syria
41%
Bangladesz
40%
Albania
38%
Gabon
38%
Wietnam
38%
Kuba
37%
Madagaskar
37%
Malezja
36%
Rwanda
36%
Erytrea
35%
Kambodza
35%
Dominikana
34%
Eswatini
34%
Malawi
34%
Sri Lanka
34%
Haiti
32%
Sierra Leone
32%
Somalia
32%
Filipiny
31%
Izrael
31%
Liberia
31%
Tajwan
31%
Gwinea Bissau
29%
Malta
27%
Mikronezja
27%
Malediwy
26%
Seszele
26%
Burundi
25%
Gwinea Równikowa
25%
Kiribati
24%
Bahamy
23%
Jamajka
23%
Komory
23%
Zjednoczone Emiraty Arabskie
23%
Salwador
22%
Belize
21%
Mauritius
21%
Republika Zielonego Przyladka
21%
Palau
19%
Fidzi
18%
Wyspy Salomona
18%
Kuwejt
17%
Nauru
17%
Wyspy Marshalla
17%
Tuvalu
16%
Vanuatu
16%
Tonga
15%
Samoa
14%
Nie znaleziono quizów pasujących do podanych kryteriów
Rozkład punktacji
Procent ludzi z każdym wynikiem
Percentyl według liczby udzielonych odpowiedzi
Twoja historia wyników
Nie rozwiązałeś tego quizu